Statistics for Most popular baby names in Finland

Click here to take the quiz!

General Stats

  • This quiz has been taken 36 times
  • The average score is 3 of 10

Answer Stats

GenderAnswer% Correct
GirlAino
50%
BoyLeo
47%
BoyElias
41%
GirlElla
31%
BoyEino
25%
GirlSofia
22%
BoyOliver
19%
GirlVenla
13%
BoyEeli
9%
GirlEevi
3%

Score Distribution

Percentile by Number Answered

Percent of People with Each Score

Your Score History

You have not taken this quiz